[Event "Olival Basto Region tt"]
[Site "Olival Basto"]
[Date "2004.04.21"]
[Round "7.4"]
[White "Quadrio, Alexandre"]
[Black "Presado, Carlos MP"]
[Result "1-0"]
[WhiteElo "2182"]
[BlackElo "1966"]
[PlyCount "51"]
[EventDate "2004.03.29"]
[EventType "team"]
[EventRounds "10"]
[EventCountry "POR"]
[SourceTitle "EXT 2006"]
[Source "ChessBase"]
[SourceDate "2005.11.24"]
[SourceVersion "1"]
[SourceVersionDate "2005.11.24"]
[SourceQuality "1"]

1. e4 c5 2. c3 b6 3. d4 Bb7 4. Bd3 Nf6 5. f3 cxd4 6. cxd4 Nc6 7. Ne2 e6 8. 0-0 Be7 9. Nbc3 d6 10. f4 0-0 11. Qe1 Rc8 12. Qg3 Nb4 13. Bb1 Ba6 14. e5 Nfd5 15. f5 Nxc3 16. bxc3 dxe5 17. Bh6 g6 18. fxg6 fxg6 19. Bxg6 Bf6 20. Bd3+ Kh8 21. Bxa6 Nxa6 22. Bxf8 Qxf8 23. Qd3 Nb8 24. Rf3 Qe7 25. Raf1 Nd7 26. Ng3 1-0

[Event "Olival Basto Region tt"]
[Site "Olival Basto"]
[Date "2004.04.16"]
[Round "5.2"]
[White "Quadrio, Alexandre"]
[Black "Paredes, Joao Manuel Escalei"]
[Result "1/2-1/2"]
[WhiteElo "2182"]
[BlackElo "1935"]
[PlyCount "92"]
[EventDate "2004.03.29"]
[EventType "team"]
[EventRounds "10"]
[EventCountry "POR"]
[SourceTitle "EXT 2006"]
[Source "ChessBase"]
[SourceDate "2005.11.24"]
[SourceVersion "1"]
[SourceVersionDate "2005.11.24"]
[SourceQuality "1"]

1. e4 c5 2. d4 cxd4 3. c3 dxc3 4. Nxc3 Nc6 5. Nf3 d6 6. Bc4 e6 7. 0-0 a6 8. Qe2 Nf6 9. Rd1 Qc7 10. Bf4 e5 11. Be3 Be7 12. Rac1 Qb8 13. a3 0-0 14. b4 b5 15. Bb3 Bb7 16. h3 h6 17. Nh4 Nxe4 18. Nxe4 Bxh4 19. Qg4 Bxf2+ 20. Bxf2 Kh7 21. Nxd6 Nd4 22. Bxd4 exd4 23. Qd7 Ra7 24. Nxb7 Rxb7 25. Qxd4 g6 26. Qd6 Qa7+ 27. Kh1 Re8 28. Rc6 Rbe7 29. Rf1 Re1 30. Qf4 Rxf1+ 31. Qxf1 Re7 32. Rf6 Kg7 33. Qf2 Qd7 34. Rxa6 Qe8 35. Rf6 Re1+ 36. Kh2 Qe5+ 37. g3 Re2 38. Rxf7+ Kh8 39. Rf8+ Kg7 40. Rf7+ Kh8 41. Kg2 Rxf2+ 42. Rxf2 Qe3 43. Bf7 Qxa3 44. Bxg6 Qxb4 45. h4 Qd4 46. h5 b4 1/2-1/2

[Event "Young Masters 6th"]
[Site "Loures"]
[Date "1998.12.11"]
[Round "10"]
[White "Matamoros Franco, Carlos S"]
[Black "Quadrio, Alexandre"]
[Result "1-0"]
[WhiteElo "2450"]
[BlackElo "2190"]
[PlyCount "71"]
[EventDate "1998.12.07"]
[EventType "tourn"]
[EventRounds "11"]
[EventCountry "POR"]
[EventCategory "2"]
[SourceTitle "CBM 067 Extra"]
[Source "ChessBase"]
[SourceDate "1999.01.01"]
[SourceVersion "1"]
[SourceVersionDate "1999.01.01"]
[SourceQuality "1"]

1. d4 Nf6 2. c4 e5 3. dxe5 Ne4 4. Qc2 Bb4+ 5. Nd2 d5 6. Ngf3 Bf5 7. Qb3 Na6 8. cxd5 0-0 9. e3 Qe7 10. Be2 Rad8 11. 0-0 Nxd2 12. Bxd2 Bxd2 13. Nxd2 Qxe5 14. Bf3 Nc5 15. Qc4 b6 16. e4 Bc8 17. b4 Ba6 18. b5 Bc8 19. Nb3 f5 20. Nxc5 bxc5 21. Rfe1 f4 22. Rac1 g5 23. Qc3 Qe8 24. e5 g4 25. Be4 Bf5 26. Rcd1 Qh5 27. Bxf5 Rxf5 28. d6 g3 29. hxg3 cxd6 30. Rxd6 Rdf8 31. Rf6 f3 32. gxf3 Rxf3 33. Rxf8+ Rxf8 34. Qxc5 Qf3 35. e6 Rf5 36. Qxf5 1-0

[Event "Young Masters 6th"]
[Site "Loures"]
[Date "1998.12.08"]
[Round "7"]
[White "Kovacevic, Slobodan"]
[Black "Quadrio, Alexandre"]
[Result "1-0"]
[WhiteElo "2420"]
[BlackElo "2190"]
[PlyCount "105"]
[EventDate "1998.12.07"]
[EventType "tourn"]
[EventRounds "11"]
[EventCountry "POR"]
[EventCategory "2"]
[SourceTitle "CBM 067 Extra"]
[Source "ChessBase"]
[SourceDate "1999.01.01"]
[SourceVersion "1"]
[SourceVersionDate "1999.01.01"]
[SourceQuality "1"]

1. d4 e6 2. Nf3 c5 3. c3 Nf6 4. Bf4 Nc6 5. e3 Be7 6. h3 a6 7. a4 b6 8. Nbd2 Bb7 9. Bd3 0-0 10. 0-0 d5 11. Bh2 Nd7 12. Ne1 f5 13. f4 Nf6 14. g4 Ne4 15. Ndf3 Qe8 16. Ng2 Na5 17. Ne5 Rc8 18. g5 Nc4 19. Qe2 Nxe5 20. dxe5 c4 21. Bxe4 fxe4 22. Ra2 Bc5 23. Bg3 b5 24. axb5 axb5 25. Rfa1 Qc6 26. Kh2 Ra8 27. Rxa8 Rxa8 28. Rxa8+ Bxa8 29. Bf2 b4 30. cxb4 Bxb4 31. Be1 Bxe1 32. Nxe1 Qb5 33. Qc2 Bc6 34. Qc3 Qa4 35. Nc2 Bd7 36. Kg2 Be8 37. Qd2 Bg6 38. Nd4 Kf7 39. Qe2 Qa2 40. h4 Qb1 41. Kf2 Qd3 42. Qxd3 exd3 43. Ke1 Bh5 44. Kd2 Bg4 45. b3 Kg6 46. b4 Kf7 47. b5 Ke7 48. b6 Kd7 49. f5 Kc8 50. f6 gxf6 51. gxf6 Bh5 52. Nxe6 Kb7 53. Nf4 1-0

[Event "Young Masters 6th"]
[Site "Loures"]
[Date "1998.12.07"]
[Round "6"]
[White "Quadrio, Alexandre"]
[Black "Carvalho, Alda"]
[Result "1/2-1/2"]
[WhiteElo "2190"]
[BlackElo "2110"]
[PlyCount "64"]
[EventDate "1998.12.07"]
[EventType "tourn"]
[EventRounds "11"]
[EventCountry "POR"]
[EventCategory "2"]
[SourceTitle "CBM 067 Extra"]
[Source "ChessBase"]
[SourceDate "1999.01.01"]
[SourceVersion "1"]
[SourceVersionDate "1999.01.01"]
[SourceQuality "1"]

1. c4 e6 2. Nf3 d5 3. g3 Nf6 4. Bg2 c6 5. 0-0 Bd6 6. d4 0-0 7. Qc2 Nbd7 8. Nbd2 Re8 9. Rd1 Qe7 10. e4 dxe4 11. Nxe4 Nxe4 12. Qxe4 e5 13. Re1 Bb4 14. Bd2 Bxd2 15. Nxd2 Qf8 16. dxe5 Rxe5 17. Qf4 Rxe1+ 18. Rxe1 Nc5 19. Be4 Be6 20. Bc2 Rd8 21. Nf3 g6 22. Ng5 Qg7 23. b4 h6 24. bxc5 hxg5 25. Qxg5 Rd4 26. Bxg6 Rxc4 27. Qd8+ Qf8 28. Qf6 Rxc5 29. Bb1 Qg7 30. Qd8+ Qf8 31. Qf6 Qg7 32. Qd8+ Qf8 1/2-1/2

[Event "Young Masters 6th"]
[Site "Loures"]
[Date "1998.12.05"]
[Round "4"]
[White "Quadrio, Alexandre"]
[Black "Peixoto, Antonio Pedro B Dua"]
[Result "0-1"]
[WhiteElo "2190"]
[BlackElo "2185"]
[PlyCount "100"]
[EventDate "1998.12.07"]
[EventType "tourn"]
[EventRounds "11"]
[EventCountry "POR"]
[EventCategory "2"]
[SourceTitle "CBM 067 Extra"]
[Source "ChessBase"]
[SourceDate "1999.01.01"]
[SourceVersion "1"]
[SourceVersionDate "1999.01.01"]
[SourceQuality "1"]

1. e4 c6 2. d4 d5 3. e5 Bf5 4. Nc3 e6 5. g4 Bg6 6. Nge2 Bb4 7. Bg2 Nd7 8. a3 Bxc3+ 9. Nxc3 h5 10. g5 Bf5 11. Be3 Ne7 12. Qe2 g6 13. h4 Qc7 14. Qd2 a6 15. b4 Nb6 16. Bf1 0-0 17. Be2 a5 18. b5 Nc4 19. Bxc4 dxc4 20. b6 Qd7 21. Qe2 Nd5 22. Qxc4 Nxb6 23. Qb3 Nd5 24. Nxd5 exd5 25. Bd2 b6 26. Rc1 Rab8 27. Bf4 Rb7 28. Rb1 Be4 29. f3 Qf5 30. Qe3 Bxc2 31. Rc1 Ba4 32. Kf2 Bb5 33. Kg3 Bc4 34. Qc3 Ra8 35. a4 b5 36. Rhe1 Qe6 37. Qb2 b4 38. Rc2 Re8 39. Rd2 b3 40. Rc1 Qe7 41. Rf2 c5 42. Be3 cxd4 43. Bxd4 Qe6 44. Bc3 Rc8 45. Rd2 Qf5 46. Re1 d4 47. Bxd4 Be6 48. Rh1 Rb4 49. Qb1 Rc2 50. Rhh2 Rxd4 0-1

[Event "Young Masters 6th"]
[Site "Loures"]
[Date "1998.12.02"]
[Round "1"]
[White "Damaso, Rui"]
[Black "Quadrio, Alexandre"]
[Result "1-0"]
[WhiteElo "2430"]
[BlackElo "2190"]
[PlyCount "57"]
[EventDate "1998.12.07"]
[EventType "tourn"]
[EventRounds "11"]
[EventCountry "POR"]
[EventCategory "2"]
[SourceTitle "CBM 067 Extra"]
[Source "ChessBase"]
[SourceDate "1999.01.01"]
[SourceVersion "1"]
[SourceVersionDate "1999.01.01"]
[SourceQuality "1"]

1. d4 Nf6 2. c4 g6 3. Nc3 Bg7 4. e4 d6 5. Nf3 0-0 6. Be2 e5 7. 0-0 exd4 8. Nxd4 Re8 9. f3 c6 10. Kh1 Na6 11. Bg5 Nc5 12. Qd2 Qb6 13. Rab1 a5 14. b3 Nh5 15. Rfd1 Qb4 16. Be3 Ne6 17. a3 Qxc3 18. Qxc3 c5 19. Nxe6 Bxc3 20. Nc7 Be6 21. Nxa8 Rxa8 22. Rxd6 Be5 23. Rb6 Nf4 24. Bf1 Rd8 25. Bxc5 Nd3 26. Be3 a4 27. bxa4 Bxc4 28. Rxb7 Ba2 29. a5 1-0

[Event "Lisbon Masters"]
[Site "Lisbon"]
[Date "1997.??.??"]
[Round "5"]
[White "Cordovil, Joao Maria"]
[Black "Quadrio, Alexandre"]
[Result "1/2-1/2"]
[WhiteElo "2265"]
[BlackElo "2230"]
[PlyCount "69"]
[EventDate "1997.??.??"]
[EventType "tourn"]
[EventRounds "9"]
[EventCountry "POR"]
[EventCategory "4"]
[SourceTitle "CBM 056 Extra"]
[Source "ChessBase"]
[SourceDate "1997.03.01"]
[SourceVersion "1"]
[SourceVersionDate "1997.03.01"]
[SourceQuality "1"]

1. e4 e5 2. Nf3 d6 3. Bc4 Nc6 4. Nc3 g6 5. d4 exd4 6. Nxd4 Bg7 7. Be3 Nf6 8. f3 0-0 9. Qd2 a6 10. Nxc6 bxc6 11. Bh6 Be6 12. Bxg7 Kxg7 13. Bxe6 fxe6 14. Ne2 e5 15. 0-0-0 d5 16. Ng3 Rb8 17. h4 Qd6 18. h5 Qb4 19. c3 Qc4 20. hxg6 hxg6 21. Kb1 a5 22. Ka1 a4 23. Rc1 a3 24. b3 Qc5 25. b4 Qc4 26. Qg5 Rxb4 27. Nf5+ Kf7 28. Rh7+ Ke8 29. Ng7+ Kf7 30. Nf5+ Ke8 31. cxb4 Qxb4 32. Re7+ Kd8 33. Rc2 gxf5 34. Re6 Qd4+ 35. Kb1 1/2-1/2

[Event "Lisbon Masters"]
[Site "Lisbon"]
[Date "1997.??.??"]
[Round "6"]
[White "Quadrio, Alexandre"]
[Black "Leonardo, Joao Paulo L"]
[Result "0-1"]
[WhiteElo "2230"]
[BlackElo "2290"]
[PlyCount "75"]
[EventDate "1997.??.??"]
[EventType "tourn"]
[EventRounds "9"]
[EventCountry "POR"]
[EventCategory "4"]
[SourceTitle "CBM 056 Extra"]
[Source "ChessBase"]
[SourceDate "1997.03.01"]
[SourceVersion "1"]
[SourceVersionDate "1997.03.01"]
[SourceQuality "1"]

1. e4 g6 2. d4 Bg7 3. Nc3 d6 4. f4 c6 5. Nf3 Bg4 6. Bc4 e6 7. Be3 Nf6 8. Bb3 0-0 9. h3 Bxf3 10. Qxf3 d5 11. g4 dxe4 12. Nxe4 Nxe4 13. Qxe4 Nd7 14. h4 Nf6 15. Qf3 h5 16. gxh5 Nxh5 17. 0-0-0 Qf6 18. c3 a5 19. Rdg1 a4 20. Bc2 Ra5 21. Rg5 Rfa8 22. Rhg1 Kf8 23. Kb1 Rd5 24. Be4 Rda5 25. Bc2 Rxg5 26. hxg5 Qd8 27. Re1 a3 28. Bb3 axb2 29. Kxb2 Qd6 30. Bc1 b5 31. Be3 Kg8 32. Rh1 b4 33. f5 bxc3+ 34. Kxc3 exf5 35. Rxh5 gxh5 36. Qxf5 Kh8 37. Qxf7 Qh2 38. Qe6 0-1

[Event "Lisbon Masters"]
[Site "Lisbon"]
[Date "1997.??.??"]
[Round "1"]
[White "Quadrio, Alexandre"]
[Black "Silva, Fernando"]
[Result "0-1"]
[WhiteElo "2230"]
[BlackElo "2340"]
[PlyCount "96"]
[EventDate "1997.??.??"]
[EventType "tourn"]
[EventRounds "9"]
[EventCountry "POR"]
[EventCategory "4"]
[SourceTitle "CBM 056 Extra"]
[Source "ChessBase"]
[SourceDate "1997.03.01"]
[SourceVersion "1"]
[SourceVersionDate "1997.03.01"]
[SourceQuality "1"]

1. e4 g6 2. d4 Bg7 3. Nc3 c6 4. Bc4 d6 5. Qf3 e6 6. Nge2 Ne7 7. Bg5 Nd7 8. 0-0 0-0 9. a4 e5 10. Rad1 exd4 11. Nxd4 Ne5 12. Qe2 h6 13. Bh4 g5 14. Bg3 Nxc4 15. Qxc4 d5 16. Qe2 f5 17. exf5 Bxd4 18. Rxd4 Nxf5 19. Rd3 Nxg3 20. Rxg3 Bf5 21. Qd2 Kh7 22. Ne2 Qf6 23. Nd4 Be4 24. b4 Rae8 25. Rh3 Qf4 26. Qc3 g4 27. Rg3 h5 28. h3 Bg6 29. b5 Re4 30. Nb3 Rc4 31. Qe1 Rxc2 32. hxg4 hxg4 33. Qe7+ Kh6 34. Qh4+ Bh5 35. Re3 Rf6 36. Nc1 g3 37. Qxf4+ Rxf4 38. Rxg3 c5 39. Nd3 Rf5 40. Re1 c4 41. Re6+ Kh7 42. Re7+ Rf7 43. Rxf7+ Bxf7 44. Nb4 Rc1+ 45. Kh2 d4 46. Rg4 Rb1 47. Nc2 d3 48. Ne3 c3 0-1

[Event "Lisbon Masters-B"]
[Site "Lisbon"]
[Date "1996.??.??"]
[Round "6"]
[White "Quadrio, Alexandre"]
[Black "Costa, Fernando VLS"]
[Result "1/2-1/2"]
[WhiteElo "2210"]
[BlackElo "2245"]
[PlyCount "106"]
[EventDate "1996.??.??"]
[EventType "tourn"]
[EventRounds "9"]
[EventCountry "POR"]
[SourceTitle "CBM 051 Extra"]
[Source "ChessBase"]
[SourceDate "1996.05.01"]
[SourceVersion "1"]
[SourceVersionDate "1996.05.01"]
[SourceQuality "1"]

1. e4 e6 2. d4 d5 3. e5 c5 4. c3 Qb6 5. Nf3 Nc6 6. Bd3 Bd7 7. 0-0 cxd4 8. cxd4 Nxd4 9. Nxd4 Qxd4 10. Nc3 Qxe5 11. Re1 Qd6 12. Nb5 Qb8 13. Qf3 Bd6 14. Qxd5 Bxh2+ 15. Kf1 Bc6 16. Qg5 Qd8 17. Bc4 Qxg5 18. Bxg5 Bb8 19. Nd4 h6 20. Bd2 Ne7 21. Rad1 Bd6 22. Bc3 0-0-0 23. Nxc6 Nxc6 24. Bxg7 Rhg8 25. Bxh6 Bb4 26. Rxd8+ Rxd8 27. Rc1 Bd2 28. Bxd2 Rxd2 29. b4 Kb8 30. a3 Ne5 31. Ke1 Rb2 32. Rc3 a6 33. Be2 Nc6 34. Bh5 Nd8 35. g3 Ra2 36. Kf1 f5 37. Kg2 Nc6 38. Bf7 Nd8 39. Be8 Rd2 40. Kf3 Rd6 41. Kf4 Rd2 42. f3 Rd4+ 43. Ke5 Rd5+ 44. Kf6 Rd4 45. Ke7 e5 46. Bd7 Nc6+ 47. Bxc6 bxc6 48. Ke6 e4 49. fxe4 fxe4 50. Re3 Rd3 51. Rxe4 Rxg3 52. Kd6 Rxa3 53. Kxc6 Rh3 1/2-1/2

[Event "Loures"]
[Site "Loures"]
[Date "1996.??.??"]
[Round "2"]
[White "Quadrio, Alexandre"]
[Black "De Sousa, Jose Claude"]
[Result "1/2-1/2"]
[WhiteElo "2230"]
[BlackElo "2285"]
[PlyCount "85"]
[EventDate "1996.??.??"]
[EventType "tourn"]
[EventRounds "11"]
[EventCountry "POR"]
[SourceTitle "EXT 1998"]
[Source "ChessBase"]
[SourceDate "1997.11.17"]
[SourceVersion "1"]
[SourceVersionDate "1997.11.17"]
[SourceQuality "1"]

1. e4 c5 2. c3 Nf6 3. e5 Nd5 4. d4 cxd4 5. Nf3 e6 6. cxd4 b6 7. Bd3 Ba6 8. 0-0 Bxd3 9. Qxd3 Be7 10. Nc3 Nxc3 11. bxc3 d5 12. exd6 Bxd6 13. Bg5 Qc7 14. Rfe1 0-0 15. Re4 Nd7 16. Rae1 Rfe8 17. Rh4 Nf8 18. Qe4 f5 19. Qd3 Rac8 20. Bd2 Ng6 21. Rh3 Bf4 22. Ng5 Qc4 23. Qxc4 Rxc4 24. Bxf4 Nxf4 25. Rhe3 h6 26. Nf3 Nd5 27. Rxe6 Rxe6 28. Rxe6 Rxc3 29. h3 Rc1+ 30. Kh2 Rc2 31. Re5 Nf6 32. d5 Rxa2 33. Nd4 Rd2 34. Nxf5 Kf8 35. d6 g6 36. Re6 gxf5 37. Rxf6+ Kg7 38. Re6 a5 39. d7 Rxd7 40. Rxb6 Ra7 41. Rb3 a4 42. Ra3 Kf6 43. f4 1/2-1/2

[Event "Loures"]
[Site "Loures"]
[Date "1996.??.??"]
[Round "9"]
[White "Quadrio, Alexandre"]
[Black "Nogueira, Nelson"]
[Result "1-0"]
[WhiteElo "2230"]
[BlackElo "2200"]
[PlyCount "85"]
[EventDate "1996.??.??"]
[EventType "tourn"]
[EventRounds "11"]
[EventCountry "POR"]
[SourceTitle "EXT 1998"]
[Source "ChessBase"]
[SourceDate "1997.11.17"]
[SourceVersion "1"]
[SourceVersionDate "1997.11.17"]
[SourceQuality "1"]

1. e4 c6 2. d4 d5 3. e5 Bf5 4. Nc3 e6 5. g4 Bg6 6. Nge2 f6 7. h4 fxe5 8. h5 Bf7 9. dxe5 c5 10. f4 Nc6 11. Ng3 Qd7 12. Qf3 0-0-0 13. Qf2 c4 14. Bg2 Bb4 15. Bd2 Nge7 16. 0-0-0 Kb8 17. Nb5 Nc8 18. Be3 Rhf8 19. Nd4 Nb6 20. Nb5 Nc8 21. Nd4 Ka8 22. Nge2 Nxd4 23. Bxd4 Qa4 24. Kb1 Qa5 25. Qe3 Nb6 26. Nc3 Nd7 27. f5 Nb8 28. a3 Be7 29. Ne2 Nc6 30. Bc3 Qc7 31. Nf4 Bg5 32. Nxe6 Bxe6 33. Qxg5 d4 34. Bxc6 dxc3 35. fxe6 Qb6 36. Bxb7+ Kxb7 37. Qc1 Rxd1 38. Rxd1 Rf2 39. e7 Qe6 40. Qe3 Rf7 41. Qe4+ Kc7 42. e8Q Qxe8 43. Qxc4+ 1-0

[Event "Loures2"]
[Site "Loures"]
[Date "1996.??.??"]
[Round "3"]
[White "Quadrio, Alexandre"]
[Black "Paramos Dominguez, Roberto"]
[Result "0-1"]
[WhiteElo "2230"]
[BlackElo "2410"]
[PlyCount "48"]
[EventDate "1996.??.??"]
[EventType "tourn"]
[EventRounds "11"]
[EventCountry "POR"]
[SourceTitle "EXT 1998"]
[Source "ChessBase"]
[SourceDate "1997.11.17"]
[SourceVersion "1"]
[SourceVersionDate "1997.11.17"]
[SourceQuality "1"]

1. e4 c5 2. d4 cxd4 3. c3 dxc3 4. Nxc3 Nc6 5. Nf3 e6 6. Bc4 Qc7 7. 0-0 Nf6 8. Nb5 Qb8 9. e5 Nxe5 10. Bf4 d6 11. Bxe5 dxe5 12. Rc1 Bd7 13. Re1 Bb4 14. Nxe5 Bxe1 15. Nd6+ Ke7 16. Ndxf7 Bxf2+ 17. Kh1 b5 18. Nxd7 Nxd7 19. Bxe6 Kxe6 20. Nxh8 Qe5 21. Nf7 Qd5 22. Qe2+ Kxf7 23. Qxf2+ Kg8 24. h3 Nf6 0-1

[Event "Loures2"]
[Site "Loures"]
[Date "1996.??.??"]
[Round "6"]
[White "Santos, Carlos Pereira Dos"]
[Black "Quadrio, Alexandre"]
[Result "1-0"]
[WhiteElo "2340"]
[BlackElo "2230"]
[PlyCount "51"]
[EventDate "1996.??.??"]
[EventType "tourn"]
[EventRounds "11"]
[EventCountry "POR"]
[SourceTitle "EXT 1998"]
[Source "ChessBase"]
[SourceDate "1997.11.17"]
[SourceVersion "1"]
[SourceVersionDate "1997.11.17"]
[SourceQuality "1"]

1. d4 Nf6 2. c4 e6 3. Nf3 d5 4. Nc3 c6 5. Bg5 Be7 6. cxd5 exd5 7. e3 Nbd7 8. Bd3 Nf8 9. Qc2 Ne6 10. Bh4 g6 11. 0-0 Ng7 12. Rab1 0-0 13. b4 Nf5 14. Bxf6 Bxf6 15. b5 c5 16. dxc5 d4 17. exd4 Nxd4 18. Nxd4 Qxd4 19. Ne4 Bg7 20. Rbd1 Qe5 21. Nd6 Qh5 22. Be2 Qg5 23. Qc1 Qf6 24. Bf3 Rb8 25. Rfe1 Bd7 26. a4 1-0

[Event "Linares zt"]
[Site "Linares"]
[Date "1995.??.??"]
[Round "7"]
[White "Gentilleau, Jean Philippe"]
[Black "Quadrio, Alexandre"]
[Result "1/2-1/2"]
[WhiteElo "2225"]
[BlackElo "2225"]
[PlyCount "85"]
[EventDate "1995.11.??"]
[EventType "swiss"]
[EventRounds "11"]
[EventCountry "ESP"]
[SourceTitle "CBM 051"]
[Source "ChessBase"]
[SourceDate "1996.04.01"]
[SourceVersion "1"]
[SourceVersionDate "1996.04.01"]
[SourceQuality "1"]

1. Nf3 f5 2. b3 Nf6 3. Bb2 d6 4. d4 g6 5. g3 Bg7 6. Bg2 0-0 7. 0-0 Qe8 8. c4 Ne4 9. Nbd2 Nxd2 10. Qxd2 Nc6 11. b4 e5 12. b5 Nxd4 13. Nxd4 exd4 14. Bxd4 Bxd4 15. Qxd4 Qe5 16. Bd5+ Kg7 17. Qxe5+ dxe5 18. e3 Rb8 19. c5 Bd7 20. c6 bxc6 21. bxc6 Be8 22. Rab1 Rb6 23. a4 Rf6 24. Rxb6 axb6 25. Rc1 Rd6 26. e4 fxe4 27. Bxe4 Rd4 28. f3 Rxa4 29. h4 h6 30. Kf2 Kf6 31. g4 Ra5 32. g5+ hxg5 33. hxg5+ Kxg5 34. Rd1 Rc5 35. Rd7 Rxc6 36. Bxc6 Bxd7 37. Bxd7 Kf4 38. Bc6 g5 39. Ke2 g4 40. fxg4 Kxg4 41. Ke3 Kg5 42. Ke4 Kf6 43. Bd5 1/2-1/2

[Event "Linares zt"]
[Site "Linares"]
[Date "1995.??.??"]
[Round "5"]
[White "Quadrio, Alexandre"]
[Black "Cacho Reigadas, Sergio"]
[Result "0-1"]
[WhiteElo "2225"]
[BlackElo "2400"]
[PlyCount "54"]
[EventDate "1995.11.??"]
[EventType "swiss"]
[EventRounds "11"]
[EventCountry "ESP"]
[SourceTitle "CBM 051"]
[Source "ChessBase"]
[SourceDate "1996.04.01"]
[SourceVersion "1"]
[SourceVersionDate "1996.04.01"]
[SourceQuality "1"]

1. e4 c5 2. d4 cxd4 3. c3 dxc3 4. Nxc3 Nc6 5. Nf3 Qc7 6. Bc4 e6 7. 0-0 Nf6 8. Nb5 Qb8 9. e5 a6 10. exf6 axb5 11. fxg7 Bxg7 12. Bxb5 0-0 13. Re1 d5 14. a4 Qd6 15. Ra3 e5 16. Ng5 Bf5 17. Rg3 Rad8 18. Qh5 Bg6 19. Qh3 Nd4 20. Be2 Qb4 21. Kf1 Nxe2 22. Rxe2 Qxa4 23. b3 Qa6 24. Bb2 Rc8 25. Ke1 Qa2 26. Rc3 Qb1+ 27. Bc1 Bf5 0-1